000 00624nam a2200229Ia 4500
003 OSt
005 20221007065332.0
006 a|||||r|||| 00| 0
007 ta
008 221006b |||||||| |||| 00| 0 eng d
024 _a16,953
037 _cTextual
040 _aFLL
_cFLL
_beng
041 _2eng
_aeng
082 _aY131:7:7:Z236qN52:9, K9
100 _aBeotra B.R. Au.
245 0 _aPunjab gram panchayat act,1952
260 _aDelhi
_bVinod Pub. India
_c1969
300 _a180p
_ccm.
942 _hY131:7:7:Z236qN52:9, K9
_cTEXL
_2CC
999 _c1137011
_d1137011